000
00267nam a22001097a 4500
008
230623b xxu||||| |||| 00| 0 eng d
082
_a
328.9494
_b
SWI
245
_a
The Swiss Federal Assembly
260
_b
Service of parliament
_c
1992
300
_a
47p
942
_2
ddc
_c
BK
999
_c
2434
_d
2434